00446pab a2200121 454500008003600000100002400036245008600060362003600146650003900182650003200221650003700253773003400290180718b xxu||||| |||| 00| 0 eng d aMukhopadhyay Ishita aUrban informal sector and communal violence: case study of 1992 riots in Calcutta a29(35), 27 Aug 1994, p.2299-302 a Communialism -- India -- Calcutta a Riots -- India -- Calcutta aViolence -- India -- West Bengal aEconomic and Political Weekly